Commercial banking. (Record no. 84218)

MARC details
000 -LEADER
fixed length control field 02487cam a2200385 i 4500
001 - CONTROL NUMBER
control field GVRL50VE
003 - CONTROL NUMBER IDENTIFIER
control field MiFhGG
005 - DATE AND TIME OF LATEST TRANSACTION
control field 20250820004431.0
006 - FIXED-LENGTH DATA ELEMENTS--ADDITIONAL MATERIAL CHARACTERISTICS
fixed length control field m o d
007 - PHYSICAL DESCRIPTION FIXED FIELD--GENERAL INFORMATION
fixed length control field cr un ---uuuua
008 - FIXED-LENGTH DATA ELEMENTS--GENERAL INFORMATION
fixed length control field 220511t20202020nyua ob 000 0 eng d
020 ## - INTERNATIONAL STANDARD BOOK NUMBER
International Standard Book Number 9781438191041
Qualifying information (electronic book)
035 ## - SYSTEM CONTROL NUMBER
System control number (OCoLC)1317711239
040 ## - CATALOGING SOURCE
Original cataloging agency MiFhGG
Language of cataloging eng
Transcribing agency MiFhGG
Description conventions rda
-- pn
050 #4 - LIBRARY OF CONGRESS CALL NUMBER
Classification number HG1601
Item number .C66 2020
245 00 - TITLE STATEMENT
Title Commercial banking.
250 ## - EDITION STATEMENT
Edition statement Second edition.
264 #1 - PRODUCTION, PUBLICATION, DISTRIBUTION, MANUFACTURE, AND COPYRIGHT NOTICE
Place of production, publication, distribution, manufacture New York, New York :
Name of producer, publisher, distributor, manufacturer Ferguson,
Date of production, publication, distribution, manufacture, or copyright notice [2020]
264 #4 - PRODUCTION, PUBLICATION, DISTRIBUTION, MANUFACTURE, AND COPYRIGHT NOTICE
Date of production, publication, distribution, manufacture, or copyright notice ©2020
300 ## - PHYSICAL DESCRIPTION
Extent 1 online resource (446 pages) :
Other physical details color illustrations.
336 ## - CONTENT TYPE
Content type term text
Content type code txt
Source rdacontent
337 ## - MEDIA TYPE
Media type term computer
Media type code c
Source rdamedia
338 ## - CARRIER TYPE
Carrier type term online resource
Carrier type code cr
Source rdacarrier
490 1# - SERIES STATEMENT
Series statement Ferguson's careers in focus
490 0# - SERIES STATEMENT
Series statement Gale eBooks
504 ## - BIBLIOGRAPHY, ETC. NOTE
Bibliography, etc. note Includes bibliographical references.
505 0# - FORMATTED CONTENTS NOTE
Formatted contents note Accountants and auditors -- Automatic teller machine servicers -- Bank branch managers -- Bank examiners -- Billing clerks -- Bookkeeping and accounting clerks -- Business managers -- Chief financial officers -- Commodities brokers -- Compliance managers -- Credit analysts -- Economists -- Financial analysts -- Financial institution officers and managers -- Financial institution tellers, clerks, and related workers -- Financial planners -- Financial quantitative analysts -- Financial services brokers -- Forensic accountants and auditors -- Fraud examiners, investigators, and analysts -- Investment fund managers -- Investment professionals -- Investment underwriters -- Loan processors -- Loan underwriters -- Mortgage bankers -- Private bankers -- Regulatory affairs managers -- Regulatory affairs specialists.
520 ## - SUMMARY, ETC.
Summary, etc. This book profiles jobs related to commercial banking, such as accountants and auditors, branch managers, bank examiners, bookkeeping/accounting clerks, tellers, business managers, CFOs, brokers, economists, financial analysts, financial planners, forensic accountants and auditors, fraud examiners, investigators, and analysts, investment fund managers, investment professionals/underwriters, loan processors/underwriters, mortgage and private bankers, and regulatory affairs.
650 #0 - SUBJECT ADDED ENTRY--TOPICAL TERM
Topical term or geographic name entry element Banks and banking
General subdivision Vocational guidance.
710 2# - ADDED ENTRY--CORPORATE NAME
Corporate name or jurisdiction name as entry element Gale (Firm)
830 #0 - SERIES ADDED ENTRY--UNIFORM TITLE
Uniform title Careers in focus.
856 40 - ELECTRONIC LOCATION AND ACCESS
Uniform Resource Identifier <a href="https://link.gale.com/apps/pub/50VE/GVRL?sid=gale_marc&u=phurs">https://link.gale.com/apps/pub/50VE/GVRL?sid=gale_marc&u=phurs</a>
Public note Available via Gale eBooks. Click here to access
912 ## -
-- 50VE
942 ## - ADDED ENTRY ELEMENTS (KOHA)
Source of classification or shelving scheme Library of Congress Classification
Koha item type E-Book
Holdings
Withdrawn status Source of classification or shelving scheme Damaged status Not for loan Home library Current library Date acquired Total Checkouts Date last seen Price effective from Koha item type
  Library of Congress Classification     E-Books Gale E-Books Gale 08/19/2025   08/19/2025 08/19/2025 E-Book

University of Rizal System
Email us at univlibservices@urs.edu.ph

Visit our Website www.urs.edu.ph/library